000 00709nam a2200289Ia 4500
005 20260324143654.0
008 008 260324s9999 xx 000 0 eng d
020 _a9781003331322
037 _aEBOOK
040 _aCRL
040 _beng
040 _cCRL
041 _2eng
041 _aeng
084 _qCRL
100 _aConcha Delgado-Gaitan; Henry Trueba
_91216500
245 0 _aCrossing Cultural Borders
245 0 _bEducation for Immigrant Families in America
260 _bTaylor and Francis
260 _c1991
365 _a
365 _b150
856 _uhttp://www.taylorfrancis.com/books/9781003331322
942 _cEBOOK
999 _c1822173
_d1822173